Statistics for Real Madrid scorers in Liga 2014-2015

Click here to take the quiz!

General Stats

  • This quiz has been taken 376 times
    (334 since last reset)
  • The average score is 11 of 14

Answer Stats

PlayerGoals% Correct
Cristiano Ronaldo48
100%
Karim Benzema15
99%
Gareth Bale13
98%
Sergio Ramos4
97%
Luka Modric1
96%
Toni Kroos2
95%
Marcelo2
92%
Isco4
82%
Pepe2
78%
James Rodriguez13
74%
Jesé3
57%
Nacho Fernandez1
43%
Javier Hernandez7
37%
Alvaro Arbeloa1
36%

Score Distribution

Percentile by Number Answered

Percent of People with Each Score

Your Score History

You have not taken this quiz since the last reset